| 000 | nam a22 7a 4500 | ||
|---|---|---|---|
| 999 |
_c15598 _d15598 |
||
| 008 | 161102b xxu||||| |||| 00| 0 eng d | ||
| 020 | _a9780136103769 | ||
| 020 | _a0136103766 | ||
| 050 | _aHF 5718.2 .U6T45 2011 | ||
| 100 | _aThill, John V. | ||
| 245 |
_aExcellence in business communication/ _cJohn V. Thill and Courtland L. Bovée |
||
| 250 | _a9th ed. | ||
| 260 |
_aBoston : _bPrentice Hall, _c©2011. |
||
| 300 |
_axxxvi, 530p. : _bill. ; |
||
| 500 | _aIncludes bibliography and index. | ||
| 650 |
_a Business communication _xUnited States _y Case studies. |
||
| 650 | _aBusiness communication. | ||
| 650 | _aUnited States. | ||
| 700 | _aBovée, Courtland L. | ||
| 942 |
_2lcc _cBOOKS _hHF 5718.2 .U6T45 2011 |
||